000
00336nam a2200133Ia 4500
008
240624s9999 xx 000 0 und d
041
_a
eng
082
_a
332.1 MRU
100
_a
MRUDULA E
245
_a
PLASTIC MONEY AN INTRODUCTION
260
_c
2006
_a
Hyderabad
_b
ICFAI press
300
_a
viii, : 228 : p. : cm. ; 23
365
_c
RS
_b
50
999
_c
6653
_d
6653